| 000 | 00636nam a2200181 4500 | ||
|---|---|---|---|
| 001 | 111397 | ||
| 003 | ES-MaACL | ||
| 005 | 20230906185308.0 | ||
| 007 | t| | ||
| 008 | 061121s1944 sp r ||||1| spa d | ||
| 100 | 1 |
_aNájera Angulo, Luis. _984870 |
|
| 245 | 1 | 0 |
_aObservaciones al ` Lescique Polyglotte des Maladies Contagienses ` / _cLuis Nájera Angulo ; (versión española) del Dr. Biraud. |
| 260 |
_aMadrid : _bJ. Cosano, _c[1944?] |
||
| 300 |
_a6 h. ; _c24 cm. |
||
| 500 | _aPubli. en Revista de Sanidad e Higienene Publica. Año XVIII. nº 7 , 1944. | ||
| 700 | 1 |
_aBiraud, Dr. _928957 |
|
| 852 |
_aES-MaACL _j1862-F-5 _bR.21876 |
||
| 999 |
_c111397 _d111397 |
||